<?xml version="1.0" encoding="UTF-8"?>
<record
    xmlns:xsi="http://www.w3.org/2001/XMLSchema-instance"
    xsi:schemaLocation="http://www.loc.gov/MARC21/slim http://www.loc.gov/standards/marcxml/schema/MARC21slim.xsd"
    xmlns="http://www.loc.gov/MARC21/slim">

  <leader>01600    a2200193   4500</leader>
  <controlfield tag="001">59517</controlfield>
  <controlfield tag="005">20260407155849.0</controlfield>
  <controlfield tag="008">260407a1972    arg                 spa d</controlfield>
  <controlfield tag="003">AR-UNSa-BCEJYS</controlfield>
  <datafield tag="040" ind1=" " ind2=" ">
    <subfield code="a">AR-UNSa-BCEJYS</subfield>
    <subfield code="b">spa</subfield>
    <subfield code="c">AR-UNSa-BCEJYS</subfield>
  </datafield>
  <datafield tag="080" ind1=" " ind2=" ">
    <subfield code="a">330.342</subfield>
    <subfield code="x">Nivel de desarrollo. Grados del desarrollo de la econom&#xED;a. Sistemas econ&#xF3;micos</subfield>
  </datafield>
  <datafield tag="245" ind1="1" ind2="0">
    <subfield code="a">Industrializaci&#xF3;n y crecimiento de los pa&#xED;ses en desarrollo</subfield>
  </datafield>
  <datafield tag="264" ind1=" " ind2="1">
    <subfield code="a">Barcelona :</subfield>
    <subfield code="b">Ariel</subfield>
    <subfield code="c">1972</subfield>
  </datafield>
  <datafield tag="300" ind1=" " ind2=" ">
    <subfield code="a">308 p.</subfield>
    <subfield code="c">21 cm.</subfield>
  </datafield>
  <datafield tag="505" ind1=" " ind2=" ">
    <subfield code="a">Primera parte: Comercio internacional, industrializaci&#xF3;n y desarrollo: 1. Crecimiento, desarrollo y otras ideas introductorias &#x2013; 2. El comercio mundial como veh&#xED;culo de crecimiento econ&#xF3;mico &#x2013; 3. El papel de la industria en el crecimiento econ&#xF3;mico transmitido a trav&#xE9;s del comercio internacional &#x2013; 4. Hacia un estrangulamiento en el comercio exterior de los pa&#xED;ses en v&#xED;as de desarrollo &#x2013; Segunda parte: La industrializaci&#xF3;n sustitutiva de importaciones: 5. La industrializaci&#xF3;n como objetivo de pol&#xED;tica econ&#xF3;mica &#x2013; 6. La industrializaci&#xF3;n forzada y la sustitutiva de importaciones &#x2013; 7. La industrializaci&#xF3;n sustitutiva de importaciones y la demanda interior &#x2013; 8. La sustituci&#xF3;n de importaciones y la balanza comercial &#x2013; 9. La mec&#xE1;nica interna de la industrializaci&#xF3;n sustitutiva de importaciones y su impacto sobre la estructura productiva &#x2013; 10. La industrializaci&#xF3;n sustitutiva de importaciones y las principales distorsiones del sistema productivo</subfield>
  </datafield>
  <datafield tag="942" ind1=" " ind2=" ">
    <subfield code="c">BK</subfield>
  </datafield>
  <datafield tag="590" ind1=" " ind2=" ">
    <subfield code="a">niveau_biblio:m niveau_hierar:0</subfield>
  </datafield>
  <datafield tag="100" ind1="1" ind2=" ">
    <subfield code="a">Muns Albuixech, Joaqu&#xED;n</subfield>
  </datafield>
  <datafield tag="999" ind1=" " ind2=" ">
    <subfield code="c">6723</subfield>
    <subfield code="d">6723</subfield>
  </datafield>
  <datafield tag="952" ind1=" " ind2=" ">
    <subfield code="0">0</subfield>
    <subfield code="1">0</subfield>
    <subfield code="4">0</subfield>
    <subfield code="7">0</subfield>
    <subfield code="a">BCEJYS</subfield>
    <subfield code="b">BCEJYS</subfield>
    <subfield code="c">16</subfield>
    <subfield code="d">2026-04-07</subfield>
    <subfield code="l">0</subfield>
    <subfield code="o">330.342 M969</subfield>
    <subfield code="p">L13475</subfield>
    <subfield code="r">2026-04-07 15:58:49</subfield>
    <subfield code="w">2026-04-07</subfield>
    <subfield code="y">L</subfield>
  </datafield>
</record>
